| 000 | 00530nam a2200181Ia 4500 | ||
|---|---|---|---|
| 003 | IN-BaIIA | ||
| 008 | 211028s9999 xx 000 0 eng d | ||
| 020 | _a0-7167-0033-6 | ||
| 040 | _cIIA Library | ||
| 080 |
_a52 _bCHA |
||
| 100 |
_aChapman, Robert D _910675 |
||
| 245 | 0 |
_aDiscovering Astronomy _cRobert D Chapman |
|
| 260 |
_aSan Francisco _bW. H. Freeman _c1937 |
||
| 300 | _axii, 518p. | ||
| 650 |
_aAstronomy _980 |
||
| 650 | _aAstronomy and Astrophysics Thesaurus | ||
| 942 | _cBK | ||
| 999 |
_c6198 _d6198 |
||